000 00489nam a2200181Ia 4500
005 20250508161709.0
008 008 250505s9999 xx 000 0 eng d
037 _aTextual
040 _aFEDL
_beng
_cFEDL
041 _aeng
_2eng
084 _a372.7, KET
_qFEDL
100 _aKelley John L
245 0 _aElementary mathematics for teachers
260 _aSan Francisco
_bHolden-Day
_c1970
300 _axi,32p.
942 _cTEXL
_h372.7, KET
999 _c1371604
_d1371604